Serie C Girone A - Statistics

Statistiche generali
  • Questo quiz è stato fatto 24 volte
  • Il punteggio medio è 18 su 20
Statistiche sulle risposte
con Immagini Risposta % Corretto
albinoleffe
100%
alessandria
100%
arzignano
100%
fiorenzuola
96%
lumezzane
92%
mantova
92%
novara
92%
pergolettese
92%
pro vercelli
92%
renate
92%
trento
92%
triestina
92%
vicenza
92%
virtus verona
92%
giana erminio
88%
legnago
88%
padova
88%
pro patria
88%
pro sesto
88%
atalanta U23
83%
Nessun quiz corrispondente trovato
Distribuzione punteggi
Percentuale di utenti per punteggio
Percentile per numero di risposta
I tuoi punteggi nel tempo
Non hai fatto questo quiz